Effect of intercropping between redcorn (zea mays) and different beans on corn yield ឥទ្ធិពលនៃការដាំឆ្លាស់រវាងពោតក្រហមនិងប្រភេទសណ្ដែកផ្សេងៗគ្នាទៅលើទិន្នផលពោត (Record no. 1108)

000 -LEADER
fixed length control field 00652nam a22001337a 4500
040 ## - CATALOGING SOURCE
Transcribing agency RUA
082 ## - DEWEY DECIMAL CLASSIFICATION NUMBER
Classification number AGR SOT 2012 B048 Or.1
100 ## - MAIN ENTRY--AUTHOR NAME
Personal name SOTH, VORN.
245 ## - TITLE STATEMENT
Title Effect of intercropping between redcorn (zea mays) and different beans on corn yield ឥទ្ធិពលនៃការដាំឆ្លាស់រវាងពោតក្រហមនិងប្រភេទសណ្ដែកផ្សេងៗគ្នាទៅលើទិន្នផលពោត
260 ## - PUBLICATION, DISTRIBUTION, ETC. (IMPRINT)
Place of publication Phnom Penh
Name of publisher RUA
Year of publication 2012
300 ## - PHYSICAL DESCRIPTION
Number of Pages x, 60p.
Other physical details ill.
Dimensions 29cm.
856 ## - ELECTRONIC LOCATION AND ACCESS
Uniform Resource Identifier https://drive.google.com/file/d/1HEJ9rgqd_N9WN0dC-wvoM1Ie6-Y4OyPr/view?usp=sharing
942 ## - ADDED ENTRY ELEMENTS (KOHA)
Koha item type AGR
952 ## - LOCATION AND ITEM INFORMATION (KOHA)
Withdrawn status [LOCAL, KOHA] 0
952 ## - LOCATION AND ITEM INFORMATION (KOHA)
Withdrawn status [LOCAL, KOHA] 0
952 ## - LOCATION AND ITEM INFORMATION (KOHA)
Withdrawn status [LOCAL, KOHA] 0
952 ## - LOCATION AND ITEM INFORMATION (KOHA)
Withdrawn status [LOCAL, KOHA] 0
952 ## - LOCATION AND ITEM INFORMATION (KOHA)
Withdrawn status [LOCAL, KOHA] 0
Holdings
Permanent Location Date acquired Koha item type Lost status Shelving location Barcode Current Location Full call number
Library Block B2015-09-23AGR B048RUA000600Library Block BAGR SOT 2012 B048 Or.1
Library Block B2015-09-23AGR B048RUA000601Library Block BAGR SOT 2012 B048 Or.2
Library Block B2015-09-23AGR B048RUA000669Library Block BAGR SOT 2012 B048 Or.3
Library Block B2015-09-23AGR B048RUA000668Library Block BAGR SOT 2012 B048 Or.4
Library Block B2015-09-29AGR B053RUA019988Library Block BAGR SOT 2012 B053 Or.1
មជ្ឈមណ្ឌលឯការនៃសាកលវិទ្យាល័យភូមិន្ទកសិកម្មចំការដូង

Powered by Koha